Growth of public expenditure in India: 1872-1966 (Record no. 14630)
[ view plain ]
| 000 -LEADER | |
|---|---|
| fixed length control field | 00569nam a2200181Ia 4500 |
| 082 ## - DEWEY DECIMAL CLASSIFICATION NUMBER | |
| Classification number | TR.0125 |
| 100 ## - MAIN ENTRY--AUTHOR NAME | |
| Personal name | Reddy, Kaipa Narayana |
| 245 #0 - TITLE STATEMENT | |
| Title | Growth of public expenditure in India: 1872-1966 |
| 260 ## - PUBLICATION, DISTRIBUTION, ETC. (IMPRINT) | |
| Year of publication | 1968 |
| Name of publisher | M.S. University of Baroda |
| 300 ## - PHYSICAL DESCRIPTION | |
| Number of Pages | xvii, 410p. + C D - 53 |
| 504 ## - BIBLIOGRAPHY, ETC. NOTE | |
| Bibliography, etc | includes bibliography |
| 650 ## - SUBJECT ADDED ENTRY--TOPICAL TERM | |
| Topical Term | India |
| Form subdivision | Economic conditions |
| Geographic subdivision | 1872-1966 |
| 650 ## - SUBJECT ADDED ENTRY--TOPICAL TERM | |
| Topical Term | India |
| Form subdivision | Expenditures, Public |
| Geographic subdivision | 1872-1966 |
| 650 ## - SUBJECT ADDED ENTRY--TOPICAL TERM | |
| Topical Term | Finance, Public |
| Form subdivision | India |
| Geographic subdivision | 1872-1966 |
| 650 ## - SUBJECT ADDED ENTRY--TOPICAL TERM | |
| Topical Term | National income |
| Geographic subdivision | India |
| -- | 1872-1966 |
| 710 ## - ADDED ENTRY--CORPORATE NAME | |
| Corporate name or jurisdiction name as entry element | Gulati, I.S. |
| 942 ## - ADDED ENTRY ELEMENTS (KOHA) | |
| Koha item type | Thesis |
| Source of classification or shelving scheme | Dewey Decimal Classification |
| Withdrawn status | Lost status | Damaged status | Not for loan | Home library | Current library | Date acquired | Full call number | Accession Number | Price effective from | Koha item type |
|---|---|---|---|---|---|---|---|---|---|---|
| NASSDOC Library | NASSDOC Library | 08/10/2004 | TR.0125 | 868 | 18/04/2019 | Thesis |
